Escribir textos expositivos en el aula: fundamentación teórica y secuencias didácticas para diferentes niveles
Guardat en:
| Autors principals: | , , , , , , , , , , , , , |
|---|---|
| Format: | Llibre |
| Idioma: | espanyol |
| Publicat: |
Barcelona
Graó
2011
|
| Col·lecció: | Biblioteca de Textos, 293
|
| Matèries: | |
| Etiquetes: |
Afegir etiqueta
Sense etiquetes, Sigues el primer a etiquetar aquest registre!
|
MARC
| LEADER | 00000cam a2200000 a 4500 | ||
|---|---|---|---|
| 001 | UCF6826 | ||
| 003 | CL-VaPUC | ||
| 008 | 130524e20111000SP |||||||||||||||||spa|d | ||
| 020 | |a 9788499803678 | ||
| 082 | 0 | 4 | |a 410 |b GAR |2 21 |
| 100 | 0 | |a García Parejo, Isabel |e author |9 568811 | |
| 700 | 0 | |a Agosto, Silvia |e author |9 568812 | |
| 700 | 0 | |a Alvarez Angulo, Teodoro |e author |9 568813 | |
| 700 | 0 | |a Alvaro, Salvador |e author |9 568814 | |
| 700 | 0 | |a Camargo, Zahyra |e author |9 568815 | |
| 700 | 0 | |a Chamorro, Teresa |e author |9 568816 | |
| 700 | 0 | |a Fernández Martínez, Pilar |e author |9 568817 | |
| 700 | 0 | |a Gadea, Mar |e author |9 568818 | |
| 700 | 0 | |a Gómez García, María José |e author |9 568819 | |
| 700 | 0 | |a Monfort, Teresa |e author |9 568820 | |
| 700 | 0 | |a Picó, Rosario |e author |9 568821 | |
| 700 | 0 | |a Ramírez Bravo, Roberto |e author |9 568822 | |
| 700 | 0 | |a Ríos, Isabel |e author |9 568823 | |
| 700 | 0 | |a Uribe, Graciela |e author |9 568824 | |
| 245 | 1 | 0 | |a Escribir textos expositivos en el aula: fundamentación teórica y secuencias didácticas para diferentes niveles |
| 300 | |a 203 p | ||
| 942 | |c BK | ||
| 945 | |d 20130524 00:00:00 |a dcastane | ||
| 260 | |a Barcelona |b Graó |c 2011 | ||
| 650 | 0 | |a Lingüística |9 265068 | |
| 650 | 0 | |a Escritura |9 264941 | |
| 650 | 0 | |a Enseñanza de la escritura |9 307377 | |
| 650 | 0 | |a Métodos de enseñanza |9 270413 | |
| 650 | 0 | |a Textos escritos |9 453620 | |
| 583 | |a last modification |c 20130524 08:39:00 |k Rodrigo Vera | ||
| 490 | 0 | |a Biblioteca de Textos, 293 | |
| 999 | |c 351881 |d 351879 | ||
| 952 | |0 0 |1 0 |4 0 |6 410_000000000000000_GAR_2011 |7 0 |8 A |9 456278 |a FDOPOS |b FDOPOS |d 2019-11-22 |i 4974964 |o 410 GAR 2011 |p 4974964 |r 2025-01-22 |w 2019-11-22 |y BK |k DLA | ||